000 00665nam a2200205 i 4500
001 24758
003 ES-MaACL
005 20230906153124.0
007 t|
008 021218s1978 sp ||||1| spa d
245 0 0 _aAntropología y teología /
_cJosé Luis Pinillos... [et al.] ; edición preparada por Horacio Santiago.
260 _aMadrid :
_bConsejo Superior de Investigaciones Científicas,
_c1978.
300 _a151 p. ;
_c20 cm.
490 1 _aConferencias
700 1 _aPinillos, José Luis.
_992143
700 1 _aSantiago-Otero, Horacio.
_9103408
830 0 _aConferencias
_9229103
852 _aES-MaACL
_jA-9289
_bR.98390
999 _c24758
_d24758